000 00608nam a2200217Ia 4500
001 12935
003 GE_BSU
008 181216s||||||||xx |||||||||||||| ||und||
020 _a0552124826
040 _cGE_BSU
080 _a821.111-32
100 _aSmith,Julia Cieaver.
245 _aMorning Glory.
245 4 _bThe riveting story of three generations of women-and their fight for power.
260 _aLondon.
260 _bCorgi Books.
260 _c1983
300 _a355p;18cm.
653 _aMorning Glory.The riveting story of three generations of women-and their fight for power.
942 _cBK
999 _c46104
_d46104